CAPM/PMP project management certification exam guide / (Record no. 10696)

MARC details
000 -LEADER
fixed length control field 01703cam a22004094a 4500
090 ## - LOCALLY ASSIGNED LC-TYPE CALL NUMBER (OCLC); LOCAL CALL NUMBER (OCLC)
-- 0
001 - CONTROL NUMBER
control field 14978071
005 - DATE AND TIME OF LATEST TRANSACTION
control field 20080124202646.0
008 - FIXED-LENGTH DATA ELEMENTS--GENERAL INFORMATION
fixed length control field 070823s2007 nyua 000 0 eng
010 ## - LIBRARY OF CONGRESS CONTROL NUMBER
LC control number 2007035274
020 ## - INTERNATIONAL STANDARD BOOK NUMBER
International Standard Book Number 9780071487481
020 ## - INTERNATIONAL STANDARD BOOK NUMBER
International Standard Book Number 0071487484
020 ## - INTERNATIONAL STANDARD BOOK NUMBER
International Standard Book Number 9780071487528 (Book P/N)
020 ## - INTERNATIONAL STANDARD BOOK NUMBER
International Standard Book Number 9780071487535 (CD P/N)
020 ## - INTERNATIONAL STANDARD BOOK NUMBER
International Standard Book Number 0071487522 (Book P/N)
020 ## - INTERNATIONAL STANDARD BOOK NUMBER
International Standard Book Number 0071487530 (CD P/N)
020 ## - INTERNATIONAL STANDARD BOOK NUMBER
International Standard Book Number 0071487484 (Set)
035 ## - SYSTEM CONTROL NUMBER
System control number (OCoLC)ocn140257729
035 ## - SYSTEM CONTROL NUMBER
System control number (OCoLC)140257729
040 ## - CATALOGING SOURCE
Original cataloging agency DLC
Transcribing agency DLC
Modifying agency B@L
-- BAKER
-- DLC
050 00 - LIBRARY OF CONGRESS CALL NUMBER
Classification number HD69.P75
Item number P4943 2007
082 ## - DEWEY DECIMAL CLASSIFICATION NUMBER
Edition number 20
Classification number 658.404076
Item number PHI
100 1# - MAIN ENTRY--PERSONAL NAME
Personal name Phillips, Joseph.
245 10 - TITLE STATEMENT
Title CAPM/PMP project management certification exam guide /
Statement of responsibility, etc Joseph Phillips.
246 30 - VARYING FORM OF TITLE
Title proper/short title Project management certification exam guide
260 ## - PUBLICATION, DISTRIBUTION, ETC. (IMPRINT)
Place of publication, distribution, etc New York :
Name of publisher, distributor, etc McGraw-Hill,
Date of publication, distribution, etc c2007.
300 ## - PHYSICAL DESCRIPTION
Extent xxiii, 478 p. :
Other physical details ill., ;
Dimensions 24 cm. +
Accompanying material 1 CD-ROM (4 3/4 in.)
490 1# - Series Statement
Series statement All in one
500 ## - GENERAL NOTE
General note Includes index.
650 #0 - SUBJECT ADDED ENTRY--TOPICAL TERM
Topical term or geographic name as entry element Project management
General subdivision Examinations
Form subdivision Study guides.
856 42 - ELECTRONIC LOCATION AND ACCESS
Materials specified Contributor biographical information
Uniform Resource Identifier <a href="http://www.loc.gov/catdir/enhancements/fy0745/2007035274-b.html">http://www.loc.gov/catdir/enhancements/fy0745/2007035274-b.html</a>
856 42 - ELECTRONIC LOCATION AND ACCESS
Materials specified Publisher description
Uniform Resource Identifier <a href="http://www.loc.gov/catdir/enhancements/fy0745/2007035274-d.html">http://www.loc.gov/catdir/enhancements/fy0745/2007035274-d.html</a>
856 41 - ELECTRONIC LOCATION AND ACCESS
Materials specified Table of contents only
Uniform Resource Identifier <a href="http://www.loc.gov/catdir/enhancements/fy0745/2007035274-t.html">http://www.loc.gov/catdir/enhancements/fy0745/2007035274-t.html</a>
942 ## - ADDED ENTRY ELEMENTS (KOHA)
Source of classification or shelving scheme Dewey Decimal Classification
Item type Book - Borrowing
Holdings
Withdrawn status Item status Source of classification or shelving scheme Damaged status Not for loan Vendor Home library Current library Shelving location Date acquired Source of acquisition Cost, normal purchase price Serial Enumeration / chronology Total Checkouts Total Renewals Full call number Barcode Date last seen Date last borrowed Koha item type
    Dewey Decimal Classification     Alahram Central Library Central Library First floor 04/02/2009   340.90 06466 1 4 658.404076 PHI 000014613 15/07/2025 07/07/2022 Book - Borrowing